LEADER 01446nam a2200313 4500 001 000000349958 003 CaOOAMICUS 005 20240726123456.0 008 220411s2014 it 000 u ita r 020 $a978-88-85223-03-5 040 $aSeMil$bita 100 1 $aSecher, Reynald,$d<1955- >.$0(OLS)http://semarc/name/78435 240 13$aLe génocide Franco-français :$bla Vandée-Vengé.$0(OLS)http://semarc/title/439633 245 13$aIl genocidio vandeano :$bil seme dell'odio /$cReynal Secher ; prefazione di Jean Meyer ; presentazione di Pierre Chaunu. 250 $a3. ed. 264 1$aProceno (VT) :$bEffedieffe,$c2014. 300 $a422 p. ;$c21 cm 490 1 $aQuis ut Deus? 650 4$aGuerre di Vandea <1793-1815> - Insurrezioni - 1793-1797.$0(OLS)http://semarc/subject/51143 700 1 $aMeyer, Jean,$d<1942- >.$0(OLS)http://semarc/name/66321 700 1 $aChaunu, Pierre,$d<1923-2009>.$0(OLS)http://semarc/name/5983 830 0$aQuis ut Deus?.$0(OLS)http://semarc/title/433403 850 $aSeMil 852 $aSeMil$W1$xVenegono$y1$m3U II 615$j232980$B240993$CSeMilBibl$Z2$F240993 $81 961 $aPerego don Stefano - Omaggio 996 $6020$a978-88-85223-03-5$9(OLS)http://semarc/number/295676 996 $6245$aIl genocidio vandeano :$bil seme dell'odio$9(OLS)http://semarc/title/439634 996 $6264$aProceno (VT) :$bEffedieffe$9(OLS)http://semarc/publisher/59558 LEADER 00980nam a2200253 i 4500 001 000000201993 003 CaOOAMICUS 005 20110513000000.0 008 110513s1966 it u000 u ita u 013 $a180699 040 $aSeMil$bita 100 1 $aBaldwin, Ernest.$0(OLS)http://semarc/name/73011 240 10$aDynamic Aspects of Biochemistry.$0(OLS)http://semarc/title/292387 245 10$aBiochimica Dinamica /$cErnest Baldwin. 250 $a2. ed. 260 $aTorino :$bBoringhieri,$c1966. 300 $aXIV, 515 p. :$bill. ;$c25 cm. 490 0 $aManuali e Trattati 650 4$aChimica biologica.$0(OLS)http://semarc/subject/3116 830 0$aManuali e Trattati [Boringhieri].$0(OLS)http://semarc/title/33551 850 $aSeMil 852 $aSeMil$W1$xVenegono$y1$m3W IV 117$j152519$B152519$CSeMilBibl$Z2$F163599 $81 996 $6245$aBiochimica Dinamica$9(OLS)http://semarc/title/292386 996 $6260$aTorino :$bBoringhieri$9(OLS)http://semarc/publisher/30229